000 00338nam a2200145Ia 4500
008 230917s9999||||xx |||||||||||||| ||und||
040 _e82352
_aMAIN
041 _aEnglish
082 _a910.02 S94B
100 _aSavinder Singh
245 0 _aPhysical geograpy
260 _aGorakhpur
_bVasundhra
_c1994
300 _a479 p.
942 _cBK
999 _c83777
_d83777